Представление документа в формате RUSMARC

ПолеНазваниеЗначение
  Тип записи a
  Библиографический уровень m
001 Контрольный номер RU/CBS_UL/BASE/556726365
005 Дата корректировки 20240209174737.7
010 Индекс ISBN __
a ISBN
d Цена 25 р. 50 к.
9 Тираж экз.
100 Данные общей обработки __
a Данные общей обработки 20140724d2014 ||| 0rusy0189 ca
101 Язык документа 0_
a Язык текста rus
102 Страна публикации __
a Страна публикации RU
105 Кодированные данные (монография) __
a Кодированные данные (монография) y###||||000|y
200 Заглавие и сведения об ответственности 1_
a Заглавие Преступление и наказание
b Общее обозначение материала Текст
e Сведения, относящиеся к заглавию роман
e Сведения, относящиеся к заглавию школьникам для подготовки к урокам литературы
f Первые сведения об ответственности Ф. М. Достоевский
210 Выходные данные 1_
a Место издания Москва
c Издательство Стрекоза-Пресс
d Дата издания 2004
215 Физическое описание __
a Объем 127 с.
d Формат см.
225 Серия 0_
a Серия Классика для школы
300 Общие примечания __
a Общие примечания Ограничения по возрасту - 16+
300 Общие примечания __
a Общие примечания Под инв. номером 99036: 4-2
606 Тематические рубрики 0_
a Основная рубрика Русская литература, 19 в. - Проза
610 Ключевые слова 0_
a Ключевые слова классика русская
a Ключевые слова личность человека
a Ключевые слова история преступления
a Ключевые слова проблемы идейные
a Ключевые слова раскаяние
a Ключевые слова нравственно-психологические проблемы
a Ключевые слова произведения школьной программы
686 Индексы других классификаций __
a Классификационный индекс 84(2Рос=Рус)1
2 Код системы ББК
700 Автор _0
a Фамилия Достоевский
b Имя (инициалы) Федор Михайлович
g Полное личное имя Ф. М.
801 Источник записи _0
a Страна RU
b Организация МБУК ЦБС г. Ульяновска
c Дата составления 20140724
g Правила каталогизации RCR
801 Источник записи _1
a Страна RU
b Организация МБУК ЦБС г. Ульяновска
c Дата составления 20140724
g Правила каталогизации RCR
899 Данные о местонахождении __
i Авторский знак Д 70
j Расстановочный фильтр Р1
901 Тип документа __
t Тип документа m
910 Корректоры записи __
a Корректор записи Хисамова